01281cam a2200385 a 45000010005000000030006000050050017000110080041000280100017000690200015000860200034001010200018001350200018001530200039001710350013002100400023002230500024002460820009002701000018002792450069002972600035003663000059004013360026004603370028004863380027005145050007005415200120005485210022006685210018006906500021007086500024007296500026007536550076007797000040008558374FISKH20250910102703.0030303s2004 nyua b 000 1 eng  a 2003003934 a0439444217 a0439444225qpbk. : alk. paper a9780439444217 a9780439837668 a9780439444224q(pbk. : alk. paper) a13109353 aDLCcDLCdDLCbeng00aPZ7.J15357bMy 2004 a 4931 aJames, Betsy.10aMy chair /cby Betsy James ; illustrated by Mary Newell DePalma. aNew York :bScholastic,c2004. a30 unnumbered pages : bcolor illustrations ; c26 cm  atextbtxt2rdacontent aunmediatedbn2rdamedia avolumebnc2rdacarrier aJ  aA group of children celebrate their various chairs and their imaginations as they gather to welcome a new neighbor.8 a430 bLexile AD 8 aJ bRaz-Plus  1aChairsvFiction. 1aNeighborsvFiction. 1aImaginationvFiction. 7aFiction.2lcgft0https://id.loc.gov/authorities/genreForms/gf20140263391 aDePalma, Mary Newell,eillustrator